Normal view
MARC view
- زراعة-تربة-تغذيه
Entry Topical Term
001 - CONTROL NUMBER
- control field: 64238
003 - CONTROL NUMBER IDENTIFIER
- control field: JO-AjAnu
005 - DATE AND TIME OF LATEST TRANSACTION
- control field: 20230606084500.0
008 - FIXED-LENGTH DATA ELEMENTS
- fixed length control field: 230606|| aca||aabn | a|a d
040 ## - CATALOGING SOURCE
- Original cataloging agency: JO-AjAnu
- Transcribing agency: JO-AjAnu
150 ## - HEADING--TOPICAL TERM
- Topical term or geographic name entry element: زراعة-تربة-تغذيه
670 ## - SOURCE DATA FOUND
- Source citation: Work cat.: (JO-AjAnu)32750: الوصلي، مظفر احمد, author 64237, خصوبة التربة وتغذية النباتات (نظري وعملي) = Soil Fertility & Plants Nutrition